Ignacio Díaz Morales : su obra /
Sistematización cronológica de los proyectos arquitectónicos y urbanos desarrollados por el tapatío Ignacio Díaz Morales (Guadalajara, 1905-1992), con el nombre y ubicación del proyecto y acompañamiento de planos, dibujos y fotografías en muchos de los casos.
Guardat en:
| Autor principal: | |
|---|---|
| Altres autors: | , , |
| Format: | Llibre |
| Idioma: | espanyol |
| Publicat: |
Guadalajara, México :
Gobierno del Estado de Jalisco, Secretaría de Cultura,
2005, c2005
|
| Matèries: | |
| Etiquetes: |
Sense etiquetes, Sigues el primer a etiquetar aquest registre!
|
MARC
| LEADER | 00000nam^a2200000^a^4500 | ||
|---|---|---|---|
| 001 | 000310898 | ||
| 005 | 20250526000000.0 | ||
| 009 | 20260310113028.742 | ||
| 020 | |a 970-624-395-X | ||
| 025 | |a Donación Alberto González González, 1 ejemplar | ||
| 037 | |a Acervo ITESO - Biblioteca | ||
| 041 | |a ESP | ||
| 082 | |a 720. 972 |b DIA GON | ||
| 100 | |a Díaz Morales, Ignacio |e (arquitecto) | ||
| 245 | 1 | 0 | |a Ignacio Díaz Morales : |b su obra / |c I. Díaz Morales ; texto de A. González González ; presen. de S. González Luna ; pról. de J. Díaz Reynoso. |
| 264 | 4 | |a Guadalajara, México : |b Gobierno del Estado de Jalisco, Secretaría de Cultura, |c 2005, c2005 | |
| 300 | |a 167 p. + |e 1 carta (2 h.) ; |c 28.0 cm. | ||
| 336 | |a texto |b txt |2 rdacontenido | ||
| 337 | |a sin mediación |b n |2 rdamedio | ||
| 338 | |a volumen |b nc |2 rdasoporte | ||
| 520 | |a Sistematización cronológica de los proyectos arquitectónicos y urbanos desarrollados por el tapatío Ignacio Díaz Morales (Guadalajara, 1905-1992), con el nombre y ubicación del proyecto y acompañamiento de planos, dibujos y fotografías en muchos de los casos. | ||
| 649 | |a XX | ||
| 650 | |a Arquitectos Jaliscienses | ||
| 650 | |a Arquitectos Mexicanos | ||
| 650 | |a Artistas Jaliscienses | ||
| 650 | |a Artistas Mexicanos | ||
| 650 | |a Planos Arquitectónicos | ||
| 650 | |a Dibujo Arquitectónico | ||
| 650 | |a Arquitectura Regionalista - |x Historia y Crítica | ||
| 650 | |a Arquitectura Moderna - |x Historia y Crítica | ||
| 650 | |a Arquitectura Jalisciense - |x Historia y Crítica | ||
| 650 | |a Arquitectura Jalisciense - |y Siglo XX | ||
| 650 | |a Arquitectura Mexicana - |x Historia y Crítica | ||
| 650 | |a Arquitectura Mexicana - |y Siglo XX | ||
| 650 | |a Arte Moderno - |x Historia y Crítica | ||
| 650 | |a Arte Jalisciense - |x Historia y Crítica | ||
| 650 | |a Arte Jalisciense - |y Siglo XX | ||
| 650 | |a Arte Mexicano - |x Historia y Crítica | ||
| 650 | |a Arte Mexicano - |y Siglo XX | ||
| 650 | |a Díaz Morales, Ignacio - |x Tema Principal | ||
| 700 | |a González González, Alberto |e (texto) | ||
| 700 | |a González Luna, Sofía |e (presentación) | ||
| 700 | |a Díaz Reynoso, Javier |e (prólogo) | ||
| 910 | |a Fondo General | ||
| 920 | |a Impresos - Libros | ||
| 930 | |a Libros Antiguos y Raros | ||
| 905 | |a 108 | ||
| 901 | |a 0500197460 |b IT2 |c LRA |i D |u 20250526 | ||
| 901 | |a 0500197463 |b IT2 |c LRA |i D |u 20250526 | ||
| 902 | |a https://opac.biblio.iteso.mx/vufind/Record/000310898 | ||